[Event "GCT Bucharest (blitz) 2019"]
[Site "Bucharest ROU"]
[Date "2019.11.10"]
[Round "17"]
[White "Le, Quang Liem"]
[Black "Caruana, Fabiano"]
[Result "1-0"]
[WhiteElo "2713"]
[BlackElo "2822"]
[PlyCount "71"]
[EventDate "2019.11.09"]

1. e4 c5 2. Nf3 e6 3. d4 cxd4 4. Nxd4 Nc6 5. Nc3 Qc7 6. g3 a6 7. Bg2 Nf6 8. O-O
h5 9. h3 Nxd4 10. Qxd4 Bc5 11. Bf4 d6 12. Qd2 e5 13. Be3 Be6 14. Rfd1 Bxe3 15.
Qxe3 b5 16. Rd2 O-O 17. f4 b4 18. Nd1 Rad8 19. Nf2 exf4 20. gxf4 Rfe8 21. Rad1
a5 22. Qg3 Bc8 23. Kh2 Rd7 24. Bf3 Bb7 25. Rg1 g6 26. f5 d5 27. Qxc7 Rxc7 28.
exd5 Kg7 29. d6 Rd7 30. Bxb7 Rxb7 31. fxg6 fxg6 32. Nd3 Ne4 33. Rdg2 Re6 34.
Re1 Kf6 35. Rge2 Kf5 36. Rxe4 1-0

[Event "GCT Bucharest (blitz) 2019"]
[Site "Bucharest ROU"]
[Date "2019.11.10"]
[Round "18"]
[White "Mamedyarov, Shakhriyar"]
[Black "Le, Quang Liem"]
[Result "0-1"]
[WhiteElo "2772"]
[BlackElo "2713"]
[PlyCount "110"]
[EventDate "2019.11.09"]

1. c4 c5 2. Nf3 Nc6 3. g3 g6 4. Bg2 Bg7 5. O-O e5 6. Nc3 Nge7 7. a3 O-O 8. d3
d6 9. Ne1 Be6 10. Nd5 Rb8 11. Nc2 b5 12. b4 e4 13. Bxe4 bxc4 14. dxc4 Bxa1 15.
Nxa1 Bxd5 16. cxd5 Ne5 17. Nc2 Qc7 18. h4 cxb4 19. Nxb4 Qc4 20. Bg2 a5 21. Nc6
N7xc6 22. dxc6 Nxc6 23. Bh6 Rfe8 24. Qxd6 Nd4 25. Bd5 Qc3 26. Qd7 Ne6 27. Bxe6
Rxe6 28. Rc1 Qe5 29. Bf4 Qb2 30. Rc7 Qf6 31. Rc2 Rbe8 32. Qb5 Qa1+ 33. Bc1 Qe5
34. Qc4 Qe4 35. Qxe4 Rxe4 36. Kf1 f6 37. Bf4 Kf7 38. f3 Rd4 39. Bd2 Rd5 40. Kf2
Re7 41. Rb2 h5 42. Rc2 Rb7 43. Be1 Rbd7 44. Rc6 Re7 45. Bc3 Re6 46. Rc7+ Ke8
47. Rc8+ Kd7 48. Ra8 Rc5 49. Bd2 Rc2 50. Ke1 Rb6 51. Ra7+ Ke6 52. Bxa5 Rbb2 53.
Bb4 Rxe2+ 54. Kd1 Rg2 55. Kc1 Rbf2 0-1

[Event "GCT Bucharest (blitz) 2019"]
[Site "Bucharest ROU"]
[Date "2019.11.10"]
[Round "18"]
[White "Giri, Anish"]
[Black "Anand, Viswanathan"]
[Result "1/2-1/2"]
[WhiteElo "2776"]
[BlackElo "2757"]
[PlyCount "43"]
[EventDate "2019.11.09"]

1. d4 Nf6 2. c4 e6 3. Nf3 d5 4. Nc3 Bb4 5. Bg5 h6 6. Bxf6 Qxf6 7. e3 O-O 8. Rc1
dxc4 9. Bxc4 c5 10. Qb3 Nc6 11. dxc5 Bxc5 12. Ne4 Qe7 13. Nxc5 Qxc5 14. O-O Qe7
15. Bd3 Qb4 16. Qxb4 Nxb4 17. Bc4 Bd7 18. Ne5 Rfd8 19. Nxd7 Rxd7 20. a3 Nc6 21.
Bb5 Rd2 22. Bxc6 1/2-1/2

[Event "GCT Bucharest (blitz) 2019"]
[Site "Bucharest ROU"]
[Date "2019.11.10"]
[Round "18"]
[White "Caruana, Fabiano"]
[Black "Aronian, Levon"]
[Result "1/2-1/2"]
[WhiteElo "2822"]
[BlackElo "2772"]
[PlyCount "93"]
[EventDate "2019.11.09"]

1. e4 e5 2. Nf3 Nc6 3. Bb5 Nf6 4. d3 Bc5 5. Bxc6 dxc6 6. Qe2 Nd7 7. Nbd2 f6 8.
Nc4 Nb6 9. Ne3 Be6 10. b3 a5 11. a4 Bb4+ 12. Bd2 Bxd2+ 13. Nxd2 Qd4 14. O-O O-O
15. Kh1 Nc8 16. Rae1 Ne7 17. f4 exf4 18. Rxf4 Ng6 19. Rf2 b5 20. Nf3 Qc3 21.
Qd2 Qxd2 22. Rxd2 bxa4 23. Nd4 Bd7 24. bxa4 Rfb8 25. Nb3 Be6 26. Nc5 Nf8 27. c4
Kf7 28. h3 Nd7 29. Nxe6 Kxe6 30. d4 Kf7 31. Nf5 g6 32. Nh6+ Kg7 33. Ng4 h5 34.
Nf2 Rb4 35. e5 fxe5 36. dxe5 Nc5 37. Nd3 Nxd3 38. Rxd3 Rxc4 39. Rd7+ Kh6 40. e6
Re8 41. Rxc7 Rxa4 42. Rxc6 Rf4 43. e7 Rf7 44. Rc7 a4 45. Ra7 a3 46. Rxa3 Rexe7
47. Rxe7 1/2-1/2

[Event "GCT Bucharest (blitz) 2019"]
[Site "Bucharest ROU"]
[Date "2019.11.10"]
[Round "18"]
[White "Karjakin, Sergey"]
[Black "Korobov, Anton"]
[Result "1/2-1/2"]
[WhiteElo "2754"]
[BlackElo "2670"]
[PlyCount "102"]
[EventDate "2019.11.09"]

1. e4 c5 2. Nf3 d6 3. d4 cxd4 4. Nxd4 Nf6 5. Nc3 a6 6. Bd3 e6 7. f4 Qc7 8. Qe2
b5 9. a3 Nbd7 10. O-O Bb7 11. Nf3 Be7 12. Bd2 O-O 13. Rae1 Rac8 14. Kh1 Nc5 15.
b4 Nxd3 16. cxd3 Qd7 17. Nd4 Rc7 18. Na2 Rfc8 19. Nc1 g6 20. Ncb3 e5 21. fxe5
dxe5 22. Nf3 Qe6 23. Nc5 Bxc5 24. bxc5 Rxc5 25. Ng5 Qe7 26. Bb4 h6 27. Nf3 a5
28. Bxc5 Rxc5 29. Qd2 Kg7 30. Qxa5 Nh5 31. Qb4 Qc7 32. Qd2 Qd6 33. g3 f5 34.
exf5 gxf5 35. Kg1 Nf6 36. Nh4 Qc6 37. Qg2 Qb6 38. Nxf5+ Kh7 39. Qh3 Rc2+ 40. d4
Ng4 41. Ne3 Qxd4 42. Rf7+ Kg6 43. Rxb7 Nxe3 44. Qe6+ Kh5 45. Qf7+ Kg5 46. Qg7+
Kh5 47. Qf7+ Kg5 48. Rd7 Rg2+ 49. Kh1 Rxh2+ 50. Kg1 Rg2+ 51. Kh1 Rh2+ 1/2-1/2

[Event "GCT Bucharest (blitz) 2019"]
[Site "Bucharest ROU"]
[Date "2019.11.10"]
[Round "18"]
[White "So, Wesley"]
[Black "Artemiev, Vladislav"]
[Result "0-1"]
[WhiteElo "2760"]
[BlackElo "2731"]
[PlyCount "142"]
[EventDate "2019.11.09"]

1. c4 e5 2. g3 Nf6 3. Bg2 Nc6 4. Nc3 g6 5. Nf3 Bg7 6. d4 exd4 7. Nxd4 O-O 8.
O-O Re8 9. Nxc6 dxc6 10. Qb3 Qe7 11. Bf4 Ng4 12. Rfd1 a5 13. h3 Ne5 14. Rac1 h6
15. c5 Be6 16. Qa4 Nc4 17. Qc2 g5 18. Bd2 Nxd2 19. Qxd2 Qxc5 20. Na4 Qb4 21.
Nc5 Qxd2 22. Rxd2 Bc8 23. Rcd1 a4 24. Rc1 Ra5 25. Rc4 Bf8 26. Ne4 Kg7 27. Nc3
Be6 28. Re4 a3 29. b3 Raa8 30. h4 Rad8 31. Red4 Rxd4 32. Rxd4 Bc5 33. Ra4 Rd8
34. hxg5 hxg5 35. b4 Be7 36. Ne4 Rd1+ 37. Kh2 Rd4 38. Rxa3 Rxb4 39. Ra5 f6 40.
e3 Rb2 41. a4 f5 42. Re5 Kf7 43. Nc5 Bxc5 44. Rxc5 Rxf2 45. Kg1 Rb2 46. a5 Rb1+
47. Kf2 Rb2+ 48. Kg1 Ra2 49. e4 f4 50. gxf4 gxf4 51. Bf3 Ke7 52. e5 Bd7 53. Kf1
Ra3 54. Kf2 Re3 55. a6 bxa6 56. Bxc6 Bxc6 57. Rxc6 Rxe5 58. Rxc7+ Kd6 59. Rf7
a5 60. Kf3 Kc5 61. Kxf4 Re6 62. Ra7 Kb5 63. Kf3 a4 64. Kf2 Re5 65. Rb7+ Kc4 66.
Rc7+ Kb4 67. Rb7+ Rb5 68. Ra7 a3 69. Ke3 Ra5 70. Rb7+ Ka4 71. Rb1 a2 0-1

[Event "3rd GP Series ((tie-break)) 2019"]
[Site "Hamburg GER"]
[Date "2019.11.10"]
[Round "2"]
[White "Svidler, Peter"]
[Black "Dubov, Daniil"]
[Result "1/2-1/2"]
[WhiteElo "2719"]
[BlackElo "2676"]
[PlyCount "91"]
[EventDate "2019.11.05"]

1. c4 e6 2. Nc3 d5 3. d4 Nf6 4. cxd5 exd5 5. Bg5 Bb4 6. e3 h6 7. Bh4 g5 8. Bg3
Ne4 9. Qc2 h5 10. f3 Bxc3+ 11. bxc3 Nxg3 12. hxg3 Qd6 13. Kf2 Nc6 14. Rb1 b6
15. c4 dxc4 16. Bxc4 Bd7 17. Ne2 O-O-O 18. Bxf7 h4 19. gxh4 gxh4 20. Qg6 Qf8
21. Be6 Ne7 22. Bxd7+ Rxd7 23. Qe4 Nd5 24. Nf4 Qa3 25. Rbc1 Kb8 26. Nxd5 Qxa2+
27. Rc2 Qxd5 28. Rxh4 Rxh4 29. Qxh4 a5 30. Qe4 Qg8 31. Qc6 Rg7 32. g4 Qh8 33.
Kg3 Rh7 34. g5 Rh3+ 35. Kf4 Qh4+ 36. Kf5 Qh7+ 37. g6 Qe7 38. Rg2 Qxe3 39. f4
Rh4 40. Qe4 Qh3+ 41. Kf6 Qd7 42. g7 Qd6+ 43. Kf5 Qd7+ 44. Kf6 Qd6+ 45. Kf5 Qd7+
46. Kf6 1/2-1/2

[Event "3rd GP Series ((tie-break)) 2019"]
[Site "Hamburg GER"]
[Date "2019.11.10"]
[Round "2"]
[White "Svidler, Peter"]
[Black "Dubov, Daniil"]
[Result "0-1"]
[WhiteElo "2719"]
[BlackElo "2676"]
[PlyCount "80"]
[EventDate "2019.11.05"]

1. Nf3 d5 2. g3 g6 3. Bg2 Bg7 4. d4 Nf6 5. O-O O-O 6. Be3 Nc6 7. h3 Re8 8. Bf4
Nh5 9. Bg5 h6 10. Bc1 Nf6 11. Nbd2 e5 12. dxe5 Ne4 13. c4 Nxd2 14. Qxd2 dxc4
15. Qc3 Be6 16. Be3 Qe7 17. Rfd1 Rad8 18. Rac1 b5 19. a3 Bd5 20. Qc2 a6 21. Bf4
Bxf3 22. Bxf3 Nd4 23. Qe4 Bxe5 24. Bxe5 Qxe5 25. Qxe5 Nxf3+ 26. exf3 Rxd1+ 27.
Rxd1 Rxe5 28. Kf1 Kg7 29. Rd8 a5 30. f4 Rc5 31. Ke2 c3 32. bxc3 Rxc3 33. a4
bxa4 34. Rd4 a3 35. Ra4 Rc2+ 36. Ke3 a2 37. Rxa5 Kf6 38. g4 Ke6 39. h4 Kd6 40.
f5 gxf5 0-1

[Event "3rd GP Series ((tie-break)) 2019"]
[Site "Hamburg GER"]
[Date "2019.11.10"]
[Round "2"]
[White "Dubov, Daniil"]
[Black "Svidler, Peter"]
[Result "1/2-1/2"]
[WhiteElo "2676"]
[BlackElo "2719"]
[PlyCount "35"]
[EventDate "2019.11.05"]

1. d4 f5 2. g3 Nf6 3. Bg2 g6 4. Nd2 Bg7 5. e4 fxe4 6. Nxe4 Nxe4 7. Bxe4 d5 8.
Bg2 Nc6 9. c3 e5 10. dxe5 Nxe5 11. Nf3 Nc4 12. O-O O-O 13. b3 Nb6 14. Bg5 Qd6
15. Re1 Bxc3 16. Be7 Qd7 17. Bxf8 Bxe1 18. Qd4 1/2-1/2

[Event "European Club Cup 2019"]
[Site "Budva MNE"]
[Date "2019.11.10"]
[Round "1"]
[White "Pruijssers, Roeland"]
[Black "Andreikin, Dmitry"]
[Result "1/2-1/2"]
[WhiteElo "2557"]
[BlackElo "2733"]
[PlyCount "62"]
[EventDate "2019.11.10"]

1. e4 e5 2. Nf3 Nc6 3. Nc3 Nf6 4. d4 exd4 5. Nxd4 Bb4 6. Nxc6 bxc6 7. Bd3 O-O
8. O-O d5 9. exd5 cxd5 10. Bg5 c6 11. Qf3 Rb8 12. Ne2 Bg4 13. Bxf6 Bxf3 14.
Bxd8 Bxe2 15. Bxe2 Rfxd8 16. Rad1 Re8 17. Bd3 Ba5 18. Rb1 g6 19. g3 Re7 20. c3
c5 21. Rfc1 Reb7 22. b3 c4 23. bxc4 Rxb1 24. Rxb1 Rxb1+ 25. Bxb1 dxc4 26. Be4
Bxc3 27. Bd5 Kg7 28. Bxc4 f5 29. f4 Bd4+ 30. Kg2 h6 31. h3 Bb6 1/2-1/2

[Event "European Club Cup 2019"]
[Site "Budva MNE"]
[Date "2019.11.10"]
[Round "1"]
[White "Dominguez Perez, Leinier"]
[Black "Karttunen, Mika"]
[Result "1-0"]
[WhiteElo "2762"]
[BlackElo "2477"]
[PlyCount "119"]
[EventDate "2019.11.10"]

1. e4 c5 2. Nf3 Nc6 3. Bb5 g6 4. Bxc6 dxc6 5. d3 Bg7 6. h3 e5 7. O-O Qe7 8. Be3
Nf6 9. Nbd2 Nd7 10. Nc4 Nb6 11. Na5 O-O 12. Qd2 Nd7 13. a3 b6 14. Nc4 Ba6 15.
b3 Bxc4 16. bxc4 f5 17. exf5 gxf5 18. Bh6 Rf7 19. Rfe1 Qd6 20. Bxg7 Rxg7 21.
Re2 Qg6 22. g3 e4 23. dxe4 fxe4 24. Nh2 Qe6 25. Rae1 Qxh3 26. Rxe4 Rf8 27. Qd6
Rg6 28. Re6 Nf6 29. Qxc6 Qf5 30. R1e2 Qf4 31. Nf3 Qxc4 32. Rd2 Qf4 33. Kg2 Rg7
34. Re7 Qg4 35. Ne5 Qf5 36. Rxg7+ Kxg7 37. Qc7+ Kg8 38. f3 Qe6 39. Re2 Nd5 40.
Qc6 Re8 41. Qxe6+ Rxe6 42. f4 Rd6 43. Nc4 Rd8 44. Kf3 b5 45. Ne5 Nc3 46. Re3
Nd1 47. Rb3 a6 48. c4 bxc4 49. Nxc4 Rd4 50. Ne5 Rd2 51. g4 Rb2 52. Rd3 Rf2+ 53.
Ke4 Rf1 54. Kf5 Nf2 55. Rf3 Nd1 56. Rxf1 Ne3+ 57. Ke6 Nxf1 58. f5 Ng3 59. f6
Ne4 60. f7+ 1-0

[Event "European Club Cup 2019"]
[Site "Budva MNE"]
[Date "2019.11.10"]
[Round "1"]
[White "Koykka, Pekka"]
[Black "Matlakov, Maxim"]
[Result "0-1"]
[WhiteElo "2379"]
[BlackElo "2710"]
[PlyCount "82"]
[EventDate "2019.11.10"]

1. e4 e5 2. Nf3 Nc6 3. d4 exd4 4. Nxd4 Nf6 5. Nxc6 bxc6 6. e5 Qe7 7. Qe2 Nd5 8.
c4 Ba6 9. Nd2 g6 10. Nf3 Qb4+ 11. Kd1 Nb6 12. b3 Bg7 13. Kc2 O-O 14. Qd2 Qe7
15. Bb2 c5 16. Re1 Bb7 17. Bd3 a5 18. a4 Rfd8 19. Qf4 Bxf3 20. Qxf3 d5 21. cxd5
Nxd5 22. Kb1 Rab8 23. Bc4 Nb6 24. Bb5 c4 25. Re2 Rd3 26. Re3 Rd2 27. Bc3 Rd5
28. Rhe1 cxb3 29. e6 Rf5 30. Qc6 Rxf2 31. Bxg7 Kxg7 32. Qc3+ f6 33. Qxb3 Rf4
34. Re4 Rf5 35. Rc1 Nxa4 36. Qxa4 Rfxb5+ 37. Ka1 Rb3 38. Ka2 Rb2+ 39. Ka1 R2b4
40. Qxa5 Rxe4 41. Rxc7 Ra4+ 0-1

[Event "European Club Cup 2019"]
[Site "Budva MNE"]
[Date "2019.11.10"]
[Round "1"]
[White "Kalezic, Blazo"]
[Black "Vidit, Santosh Gujrathi"]
[Result "0-1"]
[WhiteElo "2455"]
[BlackElo "2722"]
[PlyCount "84"]
[EventDate "2019.11.10"]

1. e4 c5 2. Nf3 d6 3. d4 cxd4 4. Nxd4 Nf6 5. Nc3 a6 6. h3 e6 7. g4 h6 8. Bg2
Be7 9. Be3 g5 10. Qe2 Nbd7 11. O-O-O Qc7 12. h4 Rg8 13. hxg5 hxg5 14. Kb1 Ne5
15. f3 b5 16. Qf2 b4 17. Nce2 Bb7 18. Ng3 d5 19. exd5 Nxd5 20. Ne4 Nxe3 21.
Qxe3 O-O-O 22. Nb3 Kb8 23. Rhe1 Rxd1+ 24. Rxd1 Rc8 25. Qe2 a5 26. Nd4 Rd8 27.
Nb5 Rxd1+ 28. Qxd1 Qb6 29. Bf1 a4 30. Be2 Nxf3 31. Nbd6 Bxd6 32. Bxf3 Bf4 33.
c4 bxc3 34. Nxc3 a3 35. Na4 Bxf3 36. Qxf3 Qb4 37. Qd1 Bd6 38. Qd3 Kc7 39. b3
Qxg4 40. Nc3 Qg1+ 41. Kc2 Qc5 42. Kd1 f5 0-1

[Event "European Club Cup 2019"]
[Site "Budva MNE"]
[Date "2019.11.10"]
[Round "1"]
[White "Adams, Michael"]
[Black "Skytte, Rasmus"]
[Result "1/2-1/2"]
[WhiteElo "2692"]
[BlackElo "2373"]
[PlyCount "110"]
[EventDate "2019.11.10"]

1. e4 c5 2. Nf3 e6 3. d4 cxd4 4. Nxd4 Nc6 5. Nc3 Qc7 6. g3 a6 7. Bg2 Nf6 8. O-O
Nxd4 9. Qxd4 Bc5 10. Bf4 d6 11. Qd2 h6 12. Rad1 e5 13. Be3 Bb4 14. Nb5 axb5 15.
Qxb4 Rxa2 16. Rxd6 O-O 17. Rd2 Be6 18. Rfd1 Ng4 19. Bc5 Rc8 20. Be7 Qb6 21. c3
Rc4 22. Qd6 Qa7 23. Bf1 Ra1 24. Rxa1 Qxa1 25. Qd3 Rc7 26. Qd8+ Kh7 27. Ba3 Rc8
28. Qd6 Rc6 29. Qd3 Bc4 30. Rd1 Bxd3 31. Rxa1 Bxe4 32. Re1 f5 33. Be2 Nf6 34.
f3 Bd5 35. Bxb5 Re6 36. Kf2 g5 37. c4 Bc6 38. Bxc6 bxc6 39. Bb4 g4 40. Rd1 gxf3
41. Kxf3 Kg6 42. Rd8 Ne4 43. Rg8+ Kf7 44. Rc8 h5 45. Ke3 Kg6 46. Rc7 Nf6 47. h4
f4+ 48. Kf3 fxg3 49. Kxg3 Kf5 50. Kf3 Ng4 51. Rg7 e4+ 52. Ke2 e3 53. Rg5+ Ke4
54. Rxh5 Ne5 55. Bc5 Nxc4 1/2-1/2

[Event "3rd GP Series, Knockout 2019"]
[Site "Hamburg GER"]
[Date "2019.11.11"]
[Round "5"]
[White "Vachier-Lagrave, Maxime"]
[Black "Grischuk, Alexander"]
[Result "1/2-1/2"]
[WhiteElo "2777"]
[BlackElo "2764"]
[PlyCount "53"]
[EventDate "2019.11.05"]

1. e4 e5 2. Nf3 Nc6 3. Bb5 a6 4. Ba4 Nf6 5. O-O b5 6. Bb3 Bc5 7. c3 d6 8. a4
Rb8 9. d4 Bb6 10. axb5 axb5 11. Na3 O-O 12. Nxb5 Bg4 13. Be3 exd4 14. cxd4 Nxe4
15. h3 Bf5 16. Nc3 h6 17. Bd5 Nxc3 18. bxc3 Ne7 19. Bb3 c5 20. Re1 cxd4 21.
Nxd4 Bg6 22. Bf4 Bc5 23. Ba4 Rb2 24. Qf3 Bxd4 25. cxd4 Nf5 26. Be3 Nxe3 27.
Qxe3 1/2-1/2

[Event "3rd GP Series, Knockout 2019"]
[Site "Hamburg GER"]
[Date "2019.11.11"]
[Round "5"]
[White "Duda, Jan-Krzysztof"]
[Black "Dubov, Daniil"]
[Result "1/2-1/2"]
[WhiteElo "2748"]
[BlackElo "2676"]
[PlyCount "57"]
[EventDate "2019.11.05"]

1. c4 Nf6 2. Nc3 c5 3. Nf3 e6 4. g3 d5 5. cxd5 exd5 6. d4 Nc6 7. Bg2 cxd4 8.
Nxd4 Bc5 9. Nxc6 bxc6 10. O-O O-O 11. Bg5 h6 12. Bxf6 Qxf6 13. Rc1 Bb6 14. e3
Ba6 15. Re1 Rad8 16. Qc2 d4 17. Ne4 Qf5 18. exd4 Rxd4 19. Nc5 Qxc2 20. Rxc2 Bc4
21. Nb3 Bxb3 22. axb3 Rb4 23. Bxc6 Rxb3 24. Bd5 Rd3 25. Bc4 Rd7 26. Rce2 Rfd8
27. Re8+ Rxe8 28. Rxe8+ Kh7 29. b3 1/2-1/2

[Event "European Club Cup 2019"]
[Site "Budva MNE"]
[Date "2019.11.10"]
[Round "1"]
[White "Sorensen, Jan"]
[Black "Vallejo Pons, Francisco"]
[Result "0-1"]
[WhiteElo "2395"]
[BlackElo "2694"]
[PlyCount "96"]
[EventDate "2019.11.10"]
[WhiteTeam "Aarhus Skolerne"]
[BlackTeam "Obiettivo Risarcimento Padova"]

1. e4 c5 2. Nf3 d6 3. Bb5+ Nd7 4. O-O Ngf6 5. Re1 a6 6. Bd3 b5 7. c4 Rb8 8. Nc3
b4 9. Nd5 e5 10. Bc2 Nxd5 11. exd5 Be7 12. a3 a5 13. axb4 axb4 14. Qe2 O-O 15.
d4 Bf6 16. dxc5 Nxc5 17. Be3 b3 18. Bb1 Qc7 19. Nd2 Bd8 20. Ra3 f5 21. Rc1 e4
22. Bd4 Rb4 23. Rc3 Qb8 24. Qd1 Bf6 25. Bxf6 Rxf6 26. g3 Bd7 27. Re3 Rf8 28.
Kh1 Qb6 29. Qe2 Be8 30. Qd1 h6 31. Kg1 Ba4 32. Qe2 Qd8 33. f3 Qf6 34. Nf1 Qd4
35. Qd2 Rxc4 36. f4 Rb8 37. Kf2 Qxd2+ 38. Nxd2 Rd4 39. Ke1 Rxd5 40. Rc3 Rb4 41.
Nc4 g6 42. Ne3 Rdd4 43. Rc1 Kf7 44. Nd1 Rdc4 45. Rxc4 Rxc4 46. Kd2 Rd4+ 47. Ke1
Ke6 48. Nc3 d5 0-1

[Event "European Club Cup 2019"]
[Site "Budva MNE"]
[Date "2019.11.11"]
[Round "2"]
[White "Bauer, Christian"]
[Black "Dominguez Perez, Leinier"]
[Result "1/2-1/2"]
[WhiteElo "2624"]
[BlackElo "2762"]
[PlyCount "36"]
[EventDate "2019.11.10"]
[WhiteTeam "Zurich Schachgesellschaft"]
[BlackTeam "Mednyi Vsadnik"]

1. d4 Nf6 2. Nf3 d5 3. c4 e6 4. g3 Be7 5. Bg2 O-O 6. O-O dxc4 7. Ne5 Nc6 8.
Bxc6 bxc6 9. Nxc6 Qe8 10. Nxe7+ Qxe7 11. Qa4 e5 12. dxe5 Qxe5 13. Qxc4 Be6 14.
Qc2 Bf5 15. Qc4 Be6 16. Qc2 Bf5 17. Qc4 Be6 18. Qc2 Bf5 1/2-1/2

[Event "European Club Cup 2019"]
[Site "Budva MNE"]
[Date "2019.11.11"]
[Round "2"]
[White "Alekseenko, Kirill"]
[Black "Pelletier, Yannick"]
[Result "1-0"]
[WhiteElo "2715"]
[BlackElo "2561"]
[PlyCount "153"]
[EventDate "2019.11.10"]
[WhiteTeam "Mednyi Vsadnik"]
[BlackTeam "Zurich Schachgesellschaft"]

1. e4 c6 2. Nf3 d5 3. d3 dxe4 4. dxe4 Qxd1+ 5. Kxd1 Bg4 6. Be2 Nd7 7. Ne1 Bxe2+
8. Kxe2 e5 9. f3 f6 10. Nd3 Nc5 11. Be3 Nxd3 12. cxd3 Bd6 13. Nd2 Ne7 14. Nc4
Kd7 15. Rhc1 Rhb8 16. a4 Ng6 17. a5 Bc7 18. g3 Nf8 19. f4 exf4 20. gxf4 g6 21.
Rg1 Re8 22. Kf3 a6 23. Ra3 Rad8 24. Bd4 Ke7 25. Bc5+ Kf7 26. Bxf8 Kxf8 27. Rb3
Re7 28. Rd1 Bb8 29. d4 Ba7 30. d5 f5 31. exf5 Rxd5 32. Rxd5 cxd5 33. f6 Re6 34.
Ne5 Bd4 35. Rxb7 Bxe5 36. fxe5 Rxe5 37. b4 d4 38. Kf4 Re1 39. Rxh7 d3 40. Rd7
Rb1 41. Rxd3 Rxb4+ 42. Kg5 Rb2 43. Rd8+ Kf7 44. Rd7+ Kf8 45. Kxg6 Rg2+ 46. Kf5
Rxh2 47. Ra7 Rf2+ 48. Ke6 Re2+ 49. Kd5 Rf2 50. Rxa6 Kf7 51. Ke4 Ra2 52. Kd5 Ra1
53. Kc4 Rc1+ 54. Kd3 Ra1 55. Kc3 Kg6 56. Kb4 Rb1+ 57. Kc5 Ra1 58. Kb5 Rb1+ 59.
Kc6 Ra1 60. Kb7 Kf7 61. Ra8 Kxf6 62. a6 Rb1+ 63. Ka7 Ke7 64. Rb8 Rc1 65. Rb4
Kd7 66. Kb7 Rc7+ 67. Kb6 Rc6+ 68. Kb5 Kc7 69. a7 Rb6+ 70. Ka5 Rxb4 71. a8=Q Rb8
72. Qa7+ Rb7 73. Qa6 Rb8 74. Qc4+ Kd7 75. Qd5+ Kc7 76. Qe5+ Kb7 77. Qd6 1-0

[Event "European Club Cup 2019"]
[Site "Budva MNE"]
[Date "2019.11.11"]
[Round "2"]
[White "Harikrishna, Pentala"]
[Black "Pijpers, Arthur"]
[Result "1-0"]
[WhiteElo "2731"]
[BlackElo "2473"]
[PlyCount "105"]
[EventDate "2019.11.10"]
[WhiteTeam "AVE Novy Bor"]
[BlackTeam "LSG IntelliMagic"]

1. e4 e6 2. d4 d5 3. Nd2 c5 4. Ngf3 Nf6 5. exd5 exd5 6. Be2 Nc6 7. O-O Be7 8.
dxc5 Bxc5 9. Nb3 Bb6 10. Bg5 O-O 11. c3 Re8 12. Nfd4 Qd6 13. Bh4 Ne4 14. Bf3
Ne5 15. Re1 Nxf3+ 16. Qxf3 Qg6 17. Qf4 Bd7 18. Bg3 a5 19. a4 h6 20. Nf3 Nxg3
21. hxg3 Qf5 22. Qxf5 Bxf5 23. Nbd4 Be4 24. Rad1 Rad8 25. Rd2 f6 26. Red1 Kf7
27. Nb5 Re7 28. Nfd4 g5 29. b4 Red7 30. Nb3 Rc8 31. bxa5 Bc5 32. Nxc5 Rxc5 33.
f3 Bg6 34. Rb2 Rd8 35. Rd4 Bf5 36. Rbb4 Rd7 37. g4 Be6 38. Kf2 Rc6 39. Rd1 Ra6
40. Rh1 Kg6 41. Nd4 Rc7 42. Rb5 Rxc3 43. Re1 Bc8 44. Rxd5 Rc7 45. Rd8 Rxa5 46.
Nb5 Rc2+ 47. Kg3 h5 48. gxh5+ Kxh5 49. Nd6 Rxa4 50. Rxc8 Rxc8 51. Nxc8 g4 52.
Nd6 gxf3 53. gxf3 1-0

[Event "St Louis Winter A 2019"]
[Site "Saint Louis USA"]
[Date "2019.11.10"]
[Round "1"]
[White "Xiong, Jeffery"]
[Black "Sethuraman, S.P."]
[Result "1-0"]
[WhiteElo "2712"]
[BlackElo "2634"]
[PlyCount "55"]
[EventDate "2019.11.10"]

1. e4 e5 2. Nf3 Nc6 3. d4 exd4 4. Nxd4 Nf6 5. Nxc6 bxc6 6. Bd3 d5 7. exd5 cxd5
8. O-O Be7 9. c4 O-O 10. cxd5 Bb7 11. Nc3 Nxd5 12. Bd2 Nxc3 13. Bxc3 Bf6 14.
Bxf6 Qxf6 15. Qc2 g6 16. Qxc7 Qxb2 17. Rab1 Qd4 18. Rfd1 Bd5 19. Bxg6 Qc4 20.
Bxh7+ Kxh7 21. Qe5 Be6 22. Rd4 Qc2 23. Re1 Kg6 24. h3 Rae8 25. Rh4 Bf5 26. Qg3+
Kf6 27. Qd6+ Be6 28. Re3 1-0

[Event "St Louis Winter A 2019"]
[Site "Saint Louis USA"]
[Date "2019.11.10"]
[Round "1"]
[White "Sevian, Samuel"]
[Black "Oparin, Grigoriy"]
[Result "1/2-1/2"]
[WhiteElo "2657"]
[BlackElo "2657"]
[PlyCount "109"]
[EventDate "2019.11.10"]

1. e4 e5 2. Nf3 Nc6 3. Bb5 a6 4. Ba4 Nf6 5. O-O Nxe4 6. d4 b5 7. Bb3 d5 8. dxe5
Be6 9. Nbd2 Be7 10. c3 O-O 11. Bc2 f5 12. Nb3 Qd7 13. Nfd4 Nxd4 14. Nxd4 c5 15.
Ne2 Rad8 16. f3 Ng5 17. Be3 d4 18. cxd4 Bc4 19. Bb3 Ne6 20. Bxc4 bxc4 21. d5
Qxd5 22. Qxd5 Rxd5 23. f4 Rd3 24. Kf2 g5 25. Rfc1 Rb8 26. Rab1 Rb4 27. g3 Kf7
28. Rc3 gxf4 29. gxf4 Bh4+ 30. Kf1 a5 31. b3 a4 32. Rxd3 cxd3 33. Nc3 axb3 34.
Rxb3 Nxf4 35. Bxc5 Rxb3 36. axb3 Ke6 37. b4 Nd5 38. Nd1 Kxe5 39. b5 Bd8 40. Nf2
d2 41. Ke2 Nc3+ 42. Kxd2 Nxb5 43. Ke2 f4 44. Kf3 Kf5 45. Nd3 Bc7 46. Nb4 Be5
47. Nc6 Bf6 48. Be7 Bd4 49. Bd6 Be3 50. Be5 Na3 51. Bxf4 Bxf4 52. Nd4+ Ke5 53.
Nc6+ Kd6 54. Kxf4 Kxc6 55. Kg5 1/2-1/2

[Event "St Louis Winter A 2019"]
[Site "Saint Louis USA"]
[Date "2019.11.10"]
[Round "1"]
[White "Gabuzyan, Hovhannes"]
[Black "Akobian, Varuzhan"]
[Result "1-0"]
[WhiteElo "2616"]
[BlackElo "2627"]
[PlyCount "55"]
[EventDate "2019.11.10"]

1. Nf3 Nf6 2. g3 d5 3. Bg2 e6 4. O-O Be7 5. d3 c5 6. Nbd2 Nc6 7. Re1 e5 8. e4
d4 9. Nc4 Nd7 10. a4 O-O 11. Bh3 Qc7 12. a5 Nf6 13. Bf5 g6 14. Bxc8 Rfxc8 15.
c3 b5 16. axb6 axb6 17. Rxa8 Rxa8 18. Qb3 Nd7 19. Bh6 Qa7 20. cxd4 cxd4 21. Rc1
Bc5 22. Nxb6 Rb8 23. Ng5 Nd8 24. Qd5 Bxb6 25. Qd6 Bc5 26. Rxc5 Qxc5 27. Qxd7
Qb5 28. Qe7 1-0

[Event "St Louis Winter A 2019"]
[Site "Saint Louis USA"]
[Date "2019.11.10"]
[Round "1"]
[White "Naroditsky, Daniel"]
[Black "Erdos, Viktor"]
[Result "1/2-1/2"]
[WhiteElo "2613"]
[BlackElo "2613"]
[PlyCount "68"]
[EventDate "2019.11.10"]

1. d4 d5 2. Bf4 c5 3. e3 cxd4 4. exd4 Nc6 5. c3 Bf5 6. Nd2 e6 7. Qb3 Qd7 8.
Ngf3 f6 9. h4 h5 10. Be2 Nh6 11. Nf1 Ng4 12. Ne3 Nxe3 13. fxe3 Bd6 14. O-O Bxf4
15. exf4 O-O-O 16. Qd1 Qd6 17. Qd2 Ne7 18. Bd3 Bxd3 19. Qxd3 Nf5 20. Rae1 Rhe8
21. Rf2 Re7 22. Qd2 Ng3 23. Qe3 Nf5 24. Qd2 Qd7 25. Qd3 Rde8 26. Kh2 Qd6 27. g3
Kb8 28. Kg2 g6 29. Rfe2 Rg8 30. Kh3 Qd7 31. Kg2 Qd6 32. Kh3 Qd7 33. Kg2 Nd6 34.
b3 Ne4 1/2-1/2

[Event "St Louis Winter A 2019"]
[Site "Saint Louis USA"]
[Date "2019.11.10"]
[Round "1"]
[White "Sarana, Alexey"]
[Black "Jumabayev, Rinat"]
[Result "1/2-1/2"]
[WhiteElo "2664"]
[BlackElo "2641"]
[PlyCount "75"]
[EventDate "2019.11.10"]

1. d4 d5 2. Nf3 Nf6 3. c4 c6 4. Nc3 a6 5. e3 b5 6. b3 Bg4 7. h3 Bxf3 8. Qxf3 e5
9. dxe5 Bb4 10. Bd2 Bxc3 11. Bxc3 Ne4 12. Bb4 bxc4 13. Qg4 c5 14. f3 Nc6 15.
fxe4 Nxb4 16. exd5 Qxd5 17. Bxc4 Nc2+ 18. Kf2 Qxe5 19. Qf3 O-O 20. Rad1 Rae8
21. Rd2 Na3 22. Rc1 Re6 23. Kg1 Rf6 24. Qe2 Nxc4 25. Rxc4 Re8 26. Rdc2 Qxe3+
27. Qxe3 Rxe3 28. Rxc5 g6 29. Rc6 Re1+ 30. Kh2 Rxc6 31. Rxc6 a5 32. Rb6 a4 33.
bxa4 Re2 34. a5 Rxa2 35. a6 Kg7 36. Kg3 h5 37. h4 Ra4 38. Rc6 1/2-1/2